000
00317nam a2200121Ia 4500
005
20251222142011.0
008
251222s9999||||xx |||||||||||||| ||spa||
082
_a
221/R41
100
_a
Rendtorff, Rolf
245
0
_a
El Antiguo Testamento:
264
_b
Facultad de TeologĂa Pontificia y Civil de Lima
942
_c
LIB
999
_c
10332
_d
10332